书目信息 |
| 题名: |
高技术复合材料制备手册
|
|
| 作者: | 张玉龙 主编 ;李长德 , 王喜梅 , 田淑玲 , 张明习 副主编 | |
| 分册: | ||
| 出版信息: | 北京 国防工业出版社 2003.05 |
|
| 页数: | 12,835页 | |
| 开本: | 26cm | |
| 丛书名: | ||
| 单 册: | ||
| 中图分类: | TB33-62 | |
| 科图分类: | ||
| 主题词: | 复合材料--制备--手册 | |
| 电子资源: | ||
| ISBN: | 7-118-03042-2 | |
| 000 | 01076nam0 2200301 450 | |
| 001 | 002366279 | |
| 005 | 20100806093436.00 | |
| 010 | @a7-118-03042-2@dCNY98.00 | |
| 090 | @aTB33@bzyl | |
| 100 | @a20100515d2003 em y0chiy50 ea | |
| 101 | 0 | @achi |
| 102 | @aCN@b110000 | |
| 105 | @aa a 000yy | |
| 200 | 1 | @a高技术复合材料制备手册@Agao ji shu fu he cai liao zhi bei shou ce@f张玉龙主编@g李长德 … [等] 副主编 |
| 210 | @a北京@c国防工业出版社@d2003.05 | |
| 215 | @a12,835页@c图@d26cm | |
| 304 | @a副主编还有:王喜梅, 田淑玲, 张明习 | |
| 320 | @a有书目 (第831-835页) | |
| 330 | @a本书重点介绍功能复合材料中的导电复合材料、磁性复合材料等的制造技术,纳米复合材料的制备技术等内容,并在介绍各工艺技术的基础上,列举大量制备方面的实例。 | |
| 606 | 0 | @a复合材料@x制备@j手册 |
| 690 | @aTB33-62@v4 | |
| 701 | 0 | @a张玉龙@Azhang yu long@4主编 |
| 702 | 0 | @a李长德@Ali chang de@4副主编 |
| 702 | 0 | @a王喜梅@Awang xi mei@4副主编 |
| 702 | 0 | @a田淑玲@Atian shu ling@4副主编 |
| 702 | 0 | @a张明习@Azhang ming xi@4副主编 |
| 801 | 0 | @aCN@c20100515 |
| 905 | @dTB33-62@eZ230@f5 | |
| 高技术复合材料制备手册/张玉龙主编/李长德 … [等] 副主编.-北京:国防工业出版社,2003.05 |
| 12,835页:图;26cm |
| ISBN 7-118-03042-2:CNY98.00 |
| 本书重点介绍功能复合材料中的导电复合材料、磁性复合材料等的制造技术,纳米复合材料的制备技术等内容,并在介绍各工艺技术的基础上,列举大量制备方面的实例。 |
| ● |
| 相关链接 |
|
|
|
正题名:高技术复合材料制备手册
索取号:TB33-62/Z230
 
预约/预借
| 序号 | 登录号 | 条形码 | 馆藏地/架位号 | 状态 | 备注 |
| 1 | 998541 | 209985417 | 自科二线400A/400A自科库 31排2列3层/ [索取号:TB33-62/Z230] | 在馆 | |
| 2 | 998542 | 209985426 | 自科二线504/504自科库 41排5列5层/ [索取号:TB33-62/Z230] | 在馆 | |
| 3 | 998543 | 209985435 | 自科二线400A/400A自科库 31排2列3层/ [索取号:TB33-62/Z230] | 在馆 | |
| 4 | 998544 | 209985444 | 自科库501/501自科库 13排3列3层/ [索取号:TB33-62/Z230] | 在馆 | |
| 5 | 998545 | 209985453 | 自科二线504/501自科库 13排3列4层/ [索取号:TB33-62/Z230] | 在馆 |